| 000 | 00708cam a22002171 4500 | ||
|---|---|---|---|
| 001 | he 67001612 | ||
| 003 | DLC | ||
| 005 | 20260227111449.0 | ||
| 008 | 870527s1966 is a j 000 1 hebr | ||
| 010 | _ahe 67001612 | ||
| 035 | _a(OCoLC)15735854 | ||
| 040 |
_aDLC _cTxU _dTxU _dDLC |
||
| 042 | _apremarc | ||
| 050 | 0 | 0 |
_aPZ90.H3 _bH234 |
| 100 | 1 | _aḤaviv, Yifraḥ. | |
| 245 | 1 | 0 |
_aDudik _c[me-et] Yifraḥ Ḥaviv. Tsiyurim: Yoram Kleiner. |
| 260 |
_aTel-Aviv, _bMasadah _c[1966] |
||
| 300 |
_a85 p. _billus. _c23 cm. |
||
| 500 | _aVocalized. | ||
| 505 | 0 | _aDudik.--Digle tekhelet-lavan ʻal migdalah shel Yad Mordekhai.--Metsudat Yoʼav.--Sukot ba-mishlat.--ʻAl pisgat Sinai.--Be-melaḥ uve-ḥardal. | |
| 999 |
_c32576 _d32576 |
||